000 00298 a2200133 4500
999 _c11946
_d11946
003 OSt
008 240110b ||||| |||| 00| 0 eng d
020 _a295100311
082 _a720
100 _aLee
245 _aA + Plus: Small Competition & Project, Vol.1
260 _bK-on Book
942 _2ddc